[Event "GRE-ch 48th"]
[Site "Athens"]
[Date "1998.12.16"]
[Round "4"]
[White "Skembris, Spyridon"]
[Black "Papaioannou, Ioannis"]
[Result "0-1"]
[WhiteElo "2480"]
[BlackElo "2520"]
[Annotator "Stohl,I"]
[PlyCount "130"]
[EventDate "1998.12.08"]
[EventType "tourn"]
[EventRounds "11"]
[EventCountry "GRE"]
[EventCategory "7"]
[SourceTitle "CBM 069"]
[Source "ChessBase"]
[SourceDate "1999.04.01"]
[SourceVersion "1"]
[SourceVersionDate "1999.04.01"]
[SourceQuality "1"]

1. d4 {Hecht} Nf6 2. c4 e6 3. Nf3 c5 4. d5 exd5 5. cxd5 d6 6. Nc3 g6 7. e4 Bg7
8. h3 O-O 9. Bd3 Bd7 $5 {A relatively less played idea, which however can give
Black very good counterplay if White doesn't react accurately. (as in this
game)} (9... b5 {is the most topical continuation and is currently considered
as sufficient for equality.}) 10. O-O {White has two other possibilities and
both seem quite promising:} (10. Bf4 $142 $5 Re8 11. O-O b5 $5 (11... c4 12.
Bc2 Qc7 13. Re1 Na6 14. a3 Nc5 15. Qd2 b5 16. e5 dxe5 17. Bxe5 Qb6 18. Qd4 Na6
(18... Rac8 19. d6 Ne6 20. Qd2 Nc5 21. Qd4 Ne6 22. Qxb6 axb6 23. Rad1 Red8 24.
Bh2 Nc5 25. Nd4 Ne8 26. Nd5 Rb8 27. Ne7+ Kf8 28. Nec6 Bxd4 29. Nxd4 $16 {
Vyzhmanavin,A-Psakhis,L/Moscow/1988/}) 19. Qh4 Qd8 20. Rad1 Nc5 21. Qd4 Rc8 22.
d6 Bc6 23. Bxf6 Rxe1+ 24. Nxe1 Ne6 25. Bxd8 Nxd4 {1-0,Sturua,Z-Hulak,K/Manila
olm/1992/}) 12. Bxd6 (12. e5 dxe5 13. Bxe5 c4 14. Bc2 b4 15. Ne2 Qa5 16. Nf4
Bb5 17. Re1 Nbd7 18. Bd6 c3 19. bxc3 bxc3 20. Be7 Rxe7 $1 21. Rxe7 Qb4 22. Rb1
Qxe7 23. Rxb5 Ne8 $11 {Bischoff,K-Dinstuhl,V/Dortmund/1993/}) 12... b4 13. Ne2
Nxe4 14. Bxe4 Rxe4 15. Ng3 $5 (15. Bxc5 Bb5 16. Re1 Na6 17. Be3 Bxb2 18. Qc2
Bxa1 19. Qxe4 Bg7 20. Ned4 Qe8 21. Qh4 Ba4 22. Bh6 Qd8 23. Ng5 Bf6 24. Ndf3 Nc5
25. Ne5 Qxd5 26. Qf4 Bc6 27. Nxc6 Qxc6 28. Rc1 Re8 29. Qc4 (29. Rxc5 Qxc5 30.
Qxf6 Re1+ 31. Kh2 Qe5+ $17) 29... Bxg5 30. Bxg5 Qd6 31. Qxb4 $1 $14 {Rogozenko,
D-Shulman,Y/Calcutta op/1999/}) 15... Re8 16. Bxc5 Bb5 17. Re1 Rxe1+ 18. Qxe1
Bxb2 19. Rd1 Bc3 20. Qe4 Na6 $6 (20... a5 21. Bd4 $5 $36) 21. Be7 Qd7 22. d6
Re8 23. Qh4 Nc5 24. Nd4 Bd3 25. Nh5 $1 Bxd4 26. Qxd4 gxh5 27. Qxc5 $18 {
Khalifman,A-Maus,S/Hamburg/1991/}) (10. a4 Na6 (10... Re8 11. O-O c4 12. Bc2
Na6 13. Be3 Nb4 14. Bb1 a5 15. Re1 Re7 16. Qd2 Ne8 17. Nd4 Nc7 18. Bg5 f6 19.
Bf4 Be8 20. Ra3 Rc8 21. b3 cxb3 22. Rxb3 Bf8 23. f3 Bf7 24. Ncb5 Re8 25. Rc3
$16 {Krallmann,M-Maus,S/Hamburg/1992/}) 11. Bf4 $5 (11. O-O Nb4 12. Bc4 Re8 13.
Re1 a6 14. Bf4 b5 15. Bf1 Qb6 16. e5 dxe5 17. Nxe5 bxa4 18. Nxd7 Nxd7 19. Nxa4
Rxe1 20. Qxe1 Qb7 21. Rc1 Qxd5 22. g3 $44 {Zimmerman,Y-Sziebert,A/Eger/1993/})
11... Qc7 12. O-O Rfe8 13. Nd2 Nh5 14. Bh2 Be5 15. f4 Bd4+ 16. Kh1 Ng7 17. Nc4
f6 18. Ne2 b5 19. axb5 Bxb5 20. Nxd4 cxd4 21. Nxd6 Bxd3 22. Nxe8 Rxe8 23. Qxd3
Nc5 24. Qxd4 Rxe4 {1-0, Gassij,O-Zaporozhchenko,A/Kolontaevo RUS-chJW/1998/})
10... b5 11. Re1 (11. Bf4 c4 12. Bc2 Qb6 (12... b4 $5 $132) 13. e5 dxe5 14.
Nxe5 Na6 15. Nxd7 Nxd7 16. d6 Nb4 17. Be3 Qd8 18. Be4 Rc8 19. a3 Nc6 20. Qd2 a6
21. Rad1 Re8 22. Bc2 Qh4 23. Bb1 Re5 24. Nd5 Rd8 25. Bf4 Rh5 26. Bg3 Qg5 27.
Qxg5 Rxg5 28. Ne7+ {1-0,Kramnik,V-Hjartarson,J/Munich 5'/1994/}) ({White
should try to limit Black's << expansion with} 11. a3 $5 Re8 (11... Na6 12. Re1
c4 13. Bc2 Nc5 14. Bf4 Qb6 15. e5 dxe5 16. Nxe5 Rad8 17. Qf3 a5 18. Be3 Rc8 19.
Ne4 $1 Rfd8 20. Nxc5 Rxc5 21. Rad1 Qd6 22. Bxc5 Qxc5 23. d6 b4 24. Qe3 Qxe3 25.
Rxe3 b3 26. Bb1 $18 {Browne,W-Gurevich,D/Philadelphia/1993/}) (11... c4 12. Bc2
a5 13. Bf4 Qb6 14. e5 $36 {1/2,Nielsen,P-Brynell,S/Munkebo zt/1998/} dxe5 15.
Nxe5 {/\a4!,׫}) 12. Re1 c4 13. Bc2 Na6 14. Be3 Qc7 15. Qd2 (15. Bd4 b4 16.
axb4 Nxb4 17. Bb1 a5 18. Qd2 Rab8 19. Rc1 Bc8 20. Nh2 Na6 21. Ne2 Nc5 22. Rxc4
Ncxe4 23. Qc1 Qd8 24. Bxe4 Nxe4 25. Bxg7 Kxg7 26. Nc3 Nc5 27. Na4 Nb3 28. Qc3+
Qf6 29. Qxf6+ Kxf6 30. Rd1 $11 {Ionov,S-Lerner,K/Rostov/1993/}) 15... Nc5 16.
Bd4 Rac8 17. Ng5 h6 18. Nf3 Nh7 $6 19. Bxg7 Kxg7 20. e5 Qb6 21. e6 fxe6 22.
dxe6 Bxe6 23. Nd4 a6 24. Re3 Nf8 25. Rae1 Qd8 26. Nd5 h5 27. Qc3 Kh7 28. Nf5
gxf5 29. Bxf5+ {1-0,Hellsten,J-Maiwald,J/Bermuda/1997/}) (11. Nxb5 Nxe4 12. Na3
Re8 13. Re1 Nf6 14. Rxe8+ Bxe8 15. Nc4 Bb5 16. Bf4 Bxc4 17. Bxc4 Nbd7 18. Bb5
Rb8 19. Qe2 Nb6 20. Rd1 Nfxd5 21. Bg3 Bf8 22. a4 Nc7 23. a5 Nc8 24. Bc4 Qe7 25.
Qd2 h6 26. Re1 $44 {Golubev,M-Shabalov,A/Biel/1992/}) 11... c4 12. Bc2 (12. Bf1
Re8 13. e5 dxe5 14. Nxe5 b4 15. Na4 Bb5 16. Bxc4 Bxc4 17. Nxc4 Rxe1+ 18. Qxe1
Nxd5 19. Bd2 {Lev,R-Gruenfeld,Y/Tel Aviv/1994/} Nc6 $11) 12... b4 13. Ne2 Re8
$5 $146 {Immediately forcing White to defend e4. This is most probably even
stronger than} (13... Na6 14. Ned4 Rc8 15. Bf4 Qb6 16. b3 c3 17. Ne2 Rfd8 18.
Ng3 Nc5 19. Be3 a5 20. Bd4 Bb5 21. Qc1 Re8 22. a4 Ba6 23. Qf4 Qd8 24. Rad1 $13
{Costa,J-Shabalov,A/Suhr/1992/}) 14. Ned4 {The N will be exposed here and Pe4
will lack sufficient protection. Also due to the Nd4 White will not be able to
play e5.} (14. Ng3 $142 $5 $13) 14... Na6 15. Bg5 (15. Bf4 Qb6 $15) 15... Qb6
16. Be3 $6 (16. Re2 Nc5 17. Qe1 Nd3 18. Bxd3 cxd3 19. Re3 Nxd5 $1 $36) (16. Qd2
$142 Nc5 17. Qf4 Nh5 18. Qd2 Nf6 $11 (18... a5 $5 $13)) 16... Nc5 $36 {[%csl
Re4]} 17. Nd2 Qa6 18. b3 (18. Qe2 c3 (18... Nfxe4 19. Bxe4 Nxe4 20. Qxc4 $132)
19. bxc3 bxc3 20. Qxa6 Nxa6 $17) 18... c3 19. Nc4 Nfxe4 20. a3 bxa3 21. Rxa3
Qb7 22. Nf3 {/\Bc5} Qb4 23. Bc1 Bb5 (23... a5 $5 {/\a4-+}) 24. Na5 Nd2 25.
Rxe8+ Rxe8 26. Nc6 $1 (26. Nxd2 $2 cxd2 27. Qxd2 Re1+ 28. Kh2 Qxd2 29. Bxd2 Re2
$19) 26... Bxc6 27. dxc6 Nce4 (27... Nxf3+ 28. Qxf3 $1 $132 {/\} Re1+ 29. Kh2
Rxc1 $2 30. Rxa7 $18) 28. Bxe4 (28. Ra4 Qc5 $19) 28... Nxe4 29. Qd5 (29. Rxa7
$143 Qc5 30. Ra2 Qxc6 $19) 29... Qc5 (29... Qb6 $5 30. Be3 c2 31. Qc4 Nc3 32.
Ra1 Ne2+ 33. Qxe2 Bxa1 34. Qxc2 Qc7 $17) 30. Qxc5 Nxc5 31. Rxa7 Nxb3 32. Ba3
Bf8 (32... c2 $2 33. c7 c1=Q+ 34. Bxc1 Nxc1 35. Rb7 $18) 33. c7 Rc8 (33... c2
$2 34. Rb7 $16) 34. Ne1 (34. Rb7 Nc5 35. Bxc5 dxc5 36. Ne1 Bd6 $19) 34... Nc5
35. Bb4 Ne6 36. Bxc3 (36. Ba5 d5 {/\Bd6 forces White to take on c3 anyway.})
36... Rxc7 37. Rxc7 Nxc7 $15 {/-/+ It's difficult to say if this endgame is
won for Black or not. Probably his chances are about the same, as White's
drawing possibilities.} 38. Nd3 d5 39. Kf1 Bd6 40. Ba5 Ne6 41. Ke2 Kf8 (41...
Nf4+ $2 42. Nxf4 Bxf4 43. Kd3 Be5 44. Bc3 f6 45. Bd2 $11 {An exchange of N is
certainly premature, while an exchange of B would help Black. Black has to
create White another weakness and to engage him in defending it, while he can
support his extra o^d5.}) 42. Ke3 Ke7 43. Bc3 Nc7 44. g4 $6 {White would do
better to behave passively.} Ne6 45. f4 $2 f5 $1 $17 {[%csl Rf4] /-+,><f4} 46.
Bb2 Kd7 47. gxf5 gxf5 {An ideal situation for Black, White is tied down to Pf4
while he can activate his K.} 48. Be5 Be7 (48... Bxe5 $5 49. Nxe5+ (49. fxe5
d4+ 50. Kf3 Kc6 {/\Kd5,Nc5-+}) 49... Kd6 50. Nf7+ Kc5 51. Nh6 d4+ 52. Kf3 Ng7
$19) 49. Ne1 Ba3 50. Ng2 (50. Nd3 $142 Bd6 $17 {/-+}) 50... Bc5+ 51. Kd3 Bd6 $1
$19 52. Bxd6 (52. Ne3 Bxe5 53. fxe5 Nf4+ 54. Kd4 Ke6 $19) 52... Kxd6 {Hecht: '
[#] Schwarzer Mehrbauer bei passiver weißer Springerstellung und fixierter
weißer Bauernschwäche f4 (und als Folge davon h3)'} 53. Kc3 (53. Ke3 d4+ 54.
Kd3 Kd5 $19) 53... Kc5 54. Nh4 (54. h4 d4+ 55. Kd3 Kd5 $19) 54... Nxf4 55. Nxf5
Nxh3 {'-+' Hecht.} 56. Kd3 Nf4+ 57. Ke3 Ne6 58. Kd3 (58. Kf3 $2 Nd4+ $19) 58...
h5 59. Ke3 Kc4 60. Nd6+ Kc3 61. Nb5+ Kc2 62. Na3+ Kb3 63. Nb1 (63. Nb5 Kb4 64.
Nd6 d4+ $19) 63... h4 64. Kf3 (64. Nd2+ Kc2 65. Nf3 d4+ $1 {Hecht} 66. Kf2 (66.
Nxd4+ Nxd4 67. Kf4 Kd3 68. Kg4 Nf5 $19) 66... d3 67. Nxh4 d2 68. Ng2 Kd3 69.
Ne3 Nd4 70. Nd1 Kc2 71. Ne3+ Kc1 72. Kf1 Nc2 $19) 64... Ng5+ 65. Kg4 Ne4 $1 {
/\Kb2,פb1 Hecht: 'und der Sb1 ist eingekreist.'} 0-1

[Event "Beersheba 16th"]
[Site "Beersheba"]
[Date "1997.03.05"]
[Round "9"]
[White "Avrukh, Boris"]
[Black "Greenfeld, Alon"]
[Result "1-0"]
[WhiteElo "2520"]
[BlackElo "2520"]
[Annotator "Stohl,I"]
[PlyCount "105"]
[EventDate "1997.02.24"]
[EventType "tourn"]
[EventRounds "11"]
[EventCountry "ISR"]
[EventCategory "12"]
[SourceTitle "CBM 058"]
[Source "ChessBase"]
[SourceDate "1997.06.01"]
[SourceVersion "1"]
[SourceVersionDate "1997.06.01"]
[SourceQuality "1"]

1. d4 Nf6 2. c4 e6 3. Nf3 c5 4. d5 d6 5. Nc3 exd5 6. cxd5 g6 7. h3 Bg7 8. e4
O-O 9. Bd3 b5 10. Nxb5 Re8 11. O-O (11. Bg5 $5 Qb6 12. Bxf6 Bxf6 13. Qb3 Nd7
14. O-O Rb8 15. Qa4 c4 16. Bxc4 Rxe4 17. Nd2 Rf4 18. Nxa7 Qxb2 19. Nxc8 Rxc8
20. Qxd7 Rd8 21. Qc6 Qxd2 22. Rae1 Kg7 23. Re2 Qc3 24. Bb3 Qd3 25. Rfe1 $14 {
Krasenkow,M-Ribshtein,N/New York op/1997/}) 11... Nxe4 12. Qa4 $5 {This move
is more often played only after 12.Re1 a6, but here White has an interesting
and independent new idea on his mind.} a6 (12... Bd7 13. Re1 (13. Bxe4 $143
Bxb5 14. Qxb5 Rxe4 15. Bg5 Qb6 16. Qd3 Re8 17. Rab1 Nd7 18. b3 Ne5 19. Nxe5
Bxe5 20. Rbc1 Bg7 21. Rfe1 Rxe1+ 22. Rxe1 a6 23. Qe3 Qb5 24. g4 Qb8 25. Rc1 Qf8
26. Rd1 Be5 27. Kf1 Qe8 $15 {Franco,Z-Otero,E/Capablanca mem-B/1991/}) 13... a6
14. Qa3 {transposes to lines below.}) 13. Bxe4 (13. Re1 Nd7 $142 $1 (13... Bd7
14. Qa3 Qb6 (14... Bxb5 15. Bxb5 Nd7 16. Bc6 Rb8 (16... Ra7 17. Qa4 Nef6 18.
Bf4 Qc7 19. Rxe8+ Nxe8 20. Re1 Nef6 21. Nd2 h6 22. Nc4 Nb6 23. Nxb6 Qxb6 24.
Bxd6 Nd7 25. Re8+ Kh7 26. Re7 $18 {De Roda,J-Enklaar,B/NLD-chT/1995/}) 17. Qa4
Rb4 18. Qc2 f5 19. a3 Rb8 20. Rb1 Re7 21. Bf4 h6 22. b4 g5 23. Be3 Bc3 24. Bxd7
Qxd7 25. bxc5 Rxb1 26. Rxb1 dxc5 27. Bxc5 Re8 28. Rd1 Rc8 29. Be3 $16 {Rahman,
Z-Hakki,I/Madras zt/1995/}) 15. Nc3 Nxc3 16. Rxe8+ Bxe8 17. bxc3 Nd7 18. Bf4
Qc7 19. Rb1 (19. Re1 Nf6 20. c4 a5 21. Qc1 Bd7 22. Bd2 a4 23. Bc3 Re8 24. Rxe8+
{1/2,Wells,P-De Firmian,N/Copenhagen PC/1996/}) 19... Nb6 (19... Nf6 20. Qb3
Bd7 21. c4 Ne8 22. Qb6 Qxb6 23. Rxb6 Bf8 24. g4 Ra7 25. Rb8 f6 26. Nd2 Kf7 27.
Ne4 Be7 28. f3 f5 29. Ng3 g5 30. Bd2 f4 31. Ne2 $16 {Bacrot,E-Palkovi,J/
Balatonbereny/1996/}) 20. c4 a5 21. Ng5 Nd7 22. Bf1 Ne5 23. Nf3 Nxf3+ 24. Qxf3
Rb8 25. Re1 Bd7 26. Qg3 Bf8 27. Bd3 Re8 28. Rf1 Ba4 29. h4 $1 Qe7 30. Bg5 Qc7
31. h5 $36 {Krasenkov,M-De Firmian,N/Polanica Zdroj/1995/}) 14. Rxe4 Rxe4 15.
Qxe4 Nf6 16. Qe2 (16. Qh4 axb5 17. Bxb5 Qb6 18. a4 Bb7 19. Bh6 Bxd5 20. Bxg7 (
20. Nd2 Qb7 21. Bxg7 Kxg7 22. Qg3 Nh5 23. Qc3+ Kg8 24. f3 Qe7 25. Ne4 $6 Bxe4
26. fxe4 Qxe4 27. Re1 Qb7 $15 {Lobron,E-Topalov,V/Dortmund/1996/}) 20... Kxg7
21. Nd2 Be6 22. b4 Rc8 23. Rc1 d5 $11 {Miniboeck,G-Palkovi,J/Vienna Schlechter
op/1996/}) 16... axb5 17. Bxb5 Bb7 18. Bg5 Bxd5 19. a4 h6 20. Bf4 $13 {1/2,
Avrukh,B-Pigusov,E/Linares op/1997/}) 13... Bd7 14. Bd3 Qb6 15. Ng5 $1 {
Khuzman's move, which is the point of the whole idea. White pounces on Black's
deserted >>.} Bxb5 (15... axb5 $5 16. Qh4 (16. Qxa8 Na6 17. Qxe8+ Bxe8 18. Re1
Nc7 $32 {|^}) 16... h6 (16... h5 $5 {/\} 17. g4 $6 Ra4 $36) 17. Ne4 Qd8 $8 18.
Qxd8 Rxd8 19. Nxd6 c4 20. Bc2 Na6 $32 {~/=}) 16. Bxb5 Qxb5 17. Qh4 (17. Qf4 $6
Qd7 $15) 17... h6 (17... h5 18. Ne4 $40) 18. Ne4 g5 $8 19. Qg4 Qd7 $1 (19...
Re5 $2 20. Nxd6 Qd7 21. Nc4 $1 $16 {and White keeps his extra pawn due to the
Nb6 fork.}) (19... Be5 $6 20. h4 $40) 20. Qxd7 (20. Qf3 f5 $36) 20... Nxd7 21.
Nxd6 Re5 22. g4 {[%csl Rf5] White can't keep his extra pawn anyway due to his
lag in development, so he counts on positional factors (hole on f5).} (22. Rd1
Nb6 23. Be3 Rxd5 (23... Nxd5 24. Bxc5 Nf4 25. Be3 $16) 24. Rxd5 Nxd5 25. Bxc5
Bxb2 26. Rb1 Bg7 27. Rb7 Bf8 $11) 22... Rxd5 $146 {Technically speaking only
this move is new. It would be interesting to know if both players knew about
the preceding game-} (22... Nb6 $5 23. Nf5 Nxd5 24. Rd1 (24. Be3 $5) 24... Rae8
25. Kf1 Kh7 26. Bd2 Bf6 27. Rac1 Nf4 28. Bxf4 gxf4 29. f3 Re2 30. Re1 Rh2 $1
$11 {Shulman,Y-Filippov,V/Linares op/1997/}) 23. Nf5 Re8 $5 (23... Rd3 24. Be3
Bxb2 25. Rad1 c4 26. Nxh6+ $36) 24. Kg2 (24. Rb1 $5 Re2 25. Be3 $14 {[%cal
Rf5e7] /\Ne7+- /\}) 24... Nb6 (24... c4 25. Nxg7 (25. h4 $5) 25... Kxg7 26. Be3
$14 {[%csl Ra6,Rc4,Ge3] _|_ק The endgame is more pleasant for White, he has a
strong B and better pawns.}) 25. Rb1 Rd3 (25... Nc4 $142 $5 26. b3 Nd2 27. Nxg7
$1 Kxg7 28. Bb2+ Kf8 (28... Kg6 29. Rfe1 Rxe1 30. Rxe1 c4 31. Re8 $1 $36) 29.
Rfd1 Red8 30. Rbc1 $14) 26. Be3 (26. b3 Re2 27. Be3 Nd5 $36) 26... Nd5 27. b3 (
27. Bxc5 $2 Nf4+ $17) (27. Rbc1 Bd4 $132 (27... Nxe3+ 28. fxe3 Rd2+ 29. Rf2 $14
)) 27... Bd4 $6 (27... Nc3 $142 28. Rb2 $14) 28. Rbd1 $1 $16 (28. Nxh6+ $2 Kh7
29. Bxg5 f6 30. Bc1 Nc3 31. Rb2 Ne2 $17) 28... Bxe3 $8 (28... Rxd1 $2 29. Rxd1
Bxe3 (29... Nxe3+ 30. fxe3 Bxe3 $2 31. Re1 $18) 30. Rxd5 $18) (28... Nxe3+ 29.
fxe3 {-28...Rd1}) 29. Rxd3 (29. fxe3 $2 Nxe3+ 30. Nxe3 Rexe3 31. Rxd3 Rxd3 $15)
29... Nf4+ 30. Kf3 Nxd3 31. fxe3 $5 (31. Nxe3 $143 Nf4 32. Rc1 $14) 31... Ne5+
32. Ke2 {The position has clarified. Black has more weaknesses in the arising
endgame and faces a tough defence.} Kh7 (32... Re6 $142 33. Rc1 Nd7 34. Rd1 $16
) 33. Nd6 (33. Rc1 $142 $5 Rc8 34. Rc3 $16) 33... Re7 34. Rf6 Rc7 (34... Re6
35. Rxe6 fxe6 36. Ne4 c4 37. bxc4 (37. b4 $5) 37... Nxc4 38. Nc5 $18) 35. Nc4 (
35. Nf5 Rc6 36. Rxc6 Nxc6 37. Nd6 Kg6 38. Ne4 f5 39. Nxc5 fxg4 40. hxg4 a5 {
[%cal Rh6h5] /\h5<=>}) 35... Rc6 $1 (35... Nxc4 36. bxc4 {[%csl Ra6,Rc5,Rf7,
Rh6] seems hopeless due to the weak pawns and passive R, even after the best}
Rb7 $5 37. Kd3 $142 $1 (37. Rxa6 Rb2+ 38. Kd3 (38. Kf3 Rc2) 38... Rh2 $44)
37... Kg7 (37... Rb2 38. Rxf7+ Kg6 39. Rc7 $18) 38. Rxa6 Rb2 39. Ra5 $18 {
White should be winning.}) 36. Rxc6 Nxc6 37. Kf3 $5 {The N_|_ is certainly not
trivial. White must exactly estimate how much counterplay he can allow Black.}
(37. Nd6 Kg6 {-see 35.Nf5}) 37... Kg6 $8 (37... Nb4 $2 38. a3 Nd3 39. Ke2 $1
Nc1+ 40. Kd2 Nxb3+ 41. Kc2 $18) 38. Ke4 Kf6 39. Kd5 (39. Nb2 $5 Ke6 (39... Nb4
40. Na4 $1 (40. a3 Nc2 41. Na4 c4 42. bxc4 Nxa3 $132) 40... Nxa2 41. Nxc5 Nb4
42. Kd4 $16) 40. Nd3 Kd6 41. Kf5 Kd5 42. Kf6 $16 {/\} c4 43. bxc4+ Kxc4 44.
Ne5+ $1 Nxe5 45. Kxe5 Kd3 46. Kf6 Kxe3 47. Kxf7 $18) 39... Nb4+ 40. Kxc5 Nxa2
41. Kb6 Nb4 (41... Nc1 42. Nd2 (42. b4 $2 Nd3 43. Ka5 Ke6 $11) 42... Ke5 43.
Kxa6 Nxb3 (43... f5 44. b4 $18) 44. Nxb3 Ke4 (44... f5 45. Kb5 f4 (45... fxg4
46. hxg4 Ke4 47. Nd4 Kxe3 48. Nf5+) 46. exf4+ gxf4 47. Nd2 Kd4 48. h4 $18) 45.
Nd4 Kxe3 46. Nf5+ Kf4 47. Nxh6 Kg3 (47... f6 48. Kb5 Kg3 49. Ng8 $18) 48. Nxf7
Kxh3 49. Nh6 $18) 42. Ka5 Nd3 43. Nd2 $1 (43. Kxa6 $2 Nc5+) 43... Kg6 $2 (43...
Ke6 $5 44. Kxa6 f5 $132 {was the last chance to hold the game. Decentralizing
the K is much weaker.}) 44. Kxa6 f5 45. Kb5 $1 (45. gxf5+ $143 Kxf5 $44) 45...
fxg4 46. hxg4 Ne5 (46... h5 47. gxh5+ Kxh5 48. Kc4 Ne5+ 49. Kd5 $18) 47. b4
Nxg4 48. Kc6 $1 Kf6 (48... Ne5+ 49. Kd6 Nd3 (49... Nf7+ 50. Kc7) 50. b5 g4 51.
b6 Nb4 52. b7 Na6 53. Ne4 h5 54. Nc5 $18) (48... Nxe3 49. b5 $18) 49. Kd6 (49.
b5 $5 Ke6 50. b6 Ne5+ 51. Kc7 g4 52. Ne4 h5 53. b7 Nd7 54. Kc8 {[%cal Re4c5] /
\Nc5+-}) 49... Nxe3 50. b5 {The pawn is unstoppable.} Nf5+ 51. Kd7 Nd4 52. b6
Ne6 53. Ne4+ {[%cal Rb6b7] /\b7} 1-0

[Event "Groningen op"]
[Site "Groningen"]
[Date "1990.??.??"]
[Round "5"]
[White "Epishin, Vladimir"]
[Black "Minasian, Artashes"]
[Result "1/2-1/2"]
[WhiteElo "2590"]
[BlackElo "2495"]
[Annotator "Stohl,I"]
[PlyCount "79"]
[EventDate "1990.??.??"]
[EventType "swiss"]
[EventRounds "9"]
[EventCountry "NED"]
[SourceTitle "CBM 022"]
[Source "ChessBase"]
[SourceDate "1991.06.01"]
[SourceVersion "1"]
[SourceVersionDate "1991.06.01"]
[SourceQuality "1"]

1. d4 Nf6 2. Nf3 g6 3. c4 Bg7 4. Nc3 c5 5. d5 d6 6. e4 O-O 7. h3 e6 8. Bd3 exd5
9. cxd5 Re8 (9... b5 10. Nxb5 Nxe4 $6 11. Bxe4 Re8 12. Ng5 $1 $16 {Alburt,L-De
Firmian,N,USA (ch) 1990-CBM 21}) 10. O-O a6 (10... c4 11. Bc2 $14 (11. Bxc4
Nxe4 12. Nxe4 Rxe4 13. Bd3 Re8 14. Bg5 Qa5 15. Re1 Bd7 16. Rxe8+ Bxe8 17. Qe1
Qxe1+ 18. Rxe1 Nd7 19. Bb5 Nf6 20. Bc4 $10 {Ribli,Z-Gschnitzer,O,BL 90/91}))
11. a4 Nbd7 12. Re1 Qe7 (12... Nh5 13. Be3 Rb8 14. Rc1 Ne5 15. Be2 Nxf3+ 16.
Bxf3 b5 17. axb5 axb5 18. b4 $1 cxb4 19. Na2 b3 20. Qxb3 Qf6 21. Bxh5 gxh5 22.
Nb4 $16 {Chernin,A-Minasian,A,Lvov zt 1990-CBM 18}) 13. Bf4 Nh5 14. Be3 (14.
Bg5 Qf8 15. g4 Nhf6 16. Bf4 $14) 14... Qf8 (14... Ne5 15. Be2 $1 Nxf3+ 16. Bxf3
Nf6 17. a5 $14) 15. Qd2 h6 16. g4 Nhf6 17. Bf4 Nh7 18. Bf1 $6 (18. a5 b5 $5 (
18... g5 19. Bg3 Ne5 20. Nxe5 Bxe5 21. Bxe5 Rxe5 22. Na4 $16) 19. axb6 Nxb6 (
19... Rb8 20. Na4 Nxb6 21. Nxc5 $16) 20. Rad1 $5 $14 (20. e5 dxe5 21. Nxe5 Bb7
$132)) 18... g5 $1 19. Bg3 Ne5 20. Nxe5 Bxe5 21. Bxe5 Rxe5 22. a5 (22. Nb1 Bd7
23. Na3 b5 $1 24. axb5 axb5 $13) 22... Bd7 23. Re3 (23. Rab1 $5 {/\b4|^}) 23...
Rae8 24. Bg2 h5 $1 25. gxh5 (25. f3 $6 Qh6 {/\Nf8-g6-f4->}) 25... Qh6 26. Rg3
Kh8 (26... Qxh5 $2 27. f4 $16) 27. Rf1 (27. Bf3 Nf6 28. h4 (28. Bg4 Bxg4 29.
hxg4 Nxe4 30. Nxe4 Rxe4 $17 {<->e}) 28... Rg8 {/\Nh5|^}) 27... Rg8 (27... Qxh5
28. f4 gxf4 29. Qxf4 Rg8 $13) 28. f4 (28. Bf3 Nf6 29. Bg4 Bb5 $1 $15) 28...
gxf4 29. Qxf4 Qxf4 30. Rxg8+ Kxg8 31. Rxf4 Rxh5 $10 32. h4 Kg7 33. Ne2 Nf6 34.
Ng3 Rh8 (34... Re5 $10) 35. Bf3 b6 36. axb6 Rb8 37. Nh5+ (37. h5 Rxb6 (37...
Ng8 $6 38. h6+ $1 Nxh6 39. Nh5+ Kf8 40. Rf6 $18) 38. h6+ Kg6 39. h7 Nxh7 40.
Bh5+ Kg5 41. Rxf7 Nf6 42. Rg7+ Kf4 $36) 37... Nxh5 38. Bxh5 Be8 39. Rf2 Rxb6
40. Bg4 $10 {[Stohl]} 1/2-1/2

[Event "Ciocaltea Memorial"]
[Site "Bucharest"]
[Date "1993.??.??"]
[Round "?"]
[White "Gagarin, Vasilij"]
[Black "Ionescu, Constantin"]
[Result "0-1"]
[WhiteElo "2450"]
[BlackElo "2475"]
[Annotator "Stohl,I"]
[PlyCount "92"]
[EventDate "1993.02.??"]
[EventType "tourn"]
[EventRounds "15"]
[EventCountry "ROU"]
[EventCategory "10"]
[SourceTitle "CBM 034"]
[Source "ChessBase"]
[SourceDate "1993.06.01"]
[SourceVersion "1"]
[SourceVersionDate "1993.06.01"]
[SourceQuality "1"]

1. d4 Nf6 2. Nf3 e6 3. c4 c5 4. d5 d6 5. Nc3 exd5 6. cxd5 a6 7. a4 (7. e4 g6 8.
h3 Bg7 9. Bd3 O-O 10. O-O b5 11. Bf4 Re8 12. Re1 Ra7 $1 13. a3 Rae7 14. Qc2 Nh5
15. Bg5 Bf6 16. Bxf6 Nxf6 17. b4 Nbd7 18. Qd2 Kg7 19. Rac1 Qb6 $13 {Ibragimov,
I-Pigusov,E,St.Peterburg zt 1993-CBM 34}) 7... g6 8. e4 Bg4 9. Be2 (9. h3 Bxf3
10. Qxf3 Bg7 11. Bd3 Nbd7 12. Qd1 O-O 13. O-O Rc8 14. Re1 c4 (14... Re8 $5 15.
Bg5 c4 16. Bf1 h6 17. Bh4 Qb6 18. Qc2 Nh5 $1 19. a5 Qc5 $36 {Novikov,I-Moiseev,
V,Berlin op 1992-TD 92_03}) 15. Bf1 Re8 16. Bf4 Ne5 17. Be3 Qa5 18. f4 Ned7 19.
Bd4 Nh5 $132 {Rao,V-Psakhis,L,Philadelphia World op 1992-TD 92_05}) 9... Bxf3
10. Bxf3 Qe7 $5 (10... Bg7 11. O-O O-O 12. a5 Nbd7 13. Bd2 Qe7 14. Re1 Ne8 15.
Ra3 Nc7 16. Rb3 Rab8 17. Be2 Rfe8 18. Bf1 b5 19. axb6 Nxb6 $132 {Arduman,
C-Wojtkiewicz,A,Novi Sad olm 1990-TD 90_06}) 11. O-O Bg7 12. Bg5 Nbd7 13. Re1
h6 14. Bh4 (14. Bd2 $5 O-O 15. Be2 $14) 14... Ne5 15. Be2 g5 16. Bg3 O-O 17.
Qc2 {/\Nd1-e3-f5} Ng6 $1 18. a5 (18. f3 Nh5 19. Bf2 Ngf4 20. Nd1 Be5 21. Ne3
Ng7 $13) 18... Nf4 (18... h5 $5 $13) 19. Bf3 Nd7 20. Bg4 Ne5 21. Bf5 $14 Ned3
22. Re3 Nb4 (22... c4 $6 23. Na4 $1 $16 {/\Nb6,Qc4}) 23. Qd2 (23. Qd1 $5 Be5
24. Bxf4 Bxf4 25. Rh3 $36) 23... Be5 24. Ne2 (24. Na4 $1 {/\Nb6-c4+/-,פb4})
24... Nxe2+ $8 25. Qxe2 Bd4 26. Rb3 (26. Rf3 Nxd5 $13) 26... Kg7 (26... Nxd5 $2
27. Qh5 $40) 27. Qh5 Rae8 28. h4 Rh8 29. Rd1 {/\Rd4,Rb4+-} Bf6 $8 30. Qe2 (30.
e5 $6 Bxe5 31. Bxe5+ Qxe5 (31... dxe5 32. d6 Qf6 33. Rf3 $44) 32. hxg5 Qe1+ $1
(32... Qxf5 $2 33. gxh6+ Kf6 34. Rf3 $18) 33. Rxe1 Rxe1+ 34. Kh2 hxg5 $17)
30... Be5 $5 $132 31. Bxe5+ Qxe5 32. Qh5 Re7 $1 33. hxg5 Nc2 34. gxh6+ Rxh6 35.
Qg4+ (35. Qg5+ Rg6 36. Qc1 Nd4 37. Rxd4 Qxd4 38. Bxg6 fxg6 $10) 35... Kf8 36.
Rh3 (36. Rg3 Rh8 $13) (36. f4 Qh8 $132) 36... Rxh3 37. Qxh3 Nd4 $44 38. Qh6+ (
38. f3 {/\Bg4} Nxf5 39. exf5 Ke8 $5 $44 {><d5,Kg1} (39... Qe2 40. f6 $1 Qxd1+
41. Kh2 $19)) 38... Ke8 39. Bh7 $6 Kd7 40. Qh3+ Kc7 $36 41. Qd3 $2 (41. Bf5 $8
Ne2+ 42. Kf1 Qxb2 $15) 41... Qh5 $19 42. f3 (42. Bf5 Ne2+ 43. Kf1 Nf4 $19 {
/\Qh1#}) 42... Qxh7 43. b4 Qh6 44. bxc5 dxc5 45. Qc4 Qe3+ 46. Kh1 Kd6 $1 {
/\f5,Rh7#} (46... Kd6 47. Rc1 Qh6+ 48. Kg1 Qxc1+ $1 49. Qxc1 Ne2+) 0-1